| 000 | 00667nam a2200205Ii 4500 | ||
|---|---|---|---|
| 003 | JO-AjNU | ||
| 008 | 230605s9999||||xx |||||||||||||| ||und|| | ||
| 017 | _a2004/8/2079 | ||
| 040 |
_aJO-AjNU _bara _erda _cJO-AjNU |
||
| 041 | _aara | ||
| 050 | 1 | 4 | _aPJ7577.A2898 2004 |
| 100 | 3 |
_aأبو لبن، زياد, _eauthor _947590 |
|
| 245 | 0 | 0 | _aرؤى نقدية في الرواية العربية |
| 264 | 3 | 1 | _aعمان:المؤلف،2004 |
| 300 | _a136ص | ||
| 336 |
_atext _btxt _2rdacontent |
||
| 337 |
_aunmediated _bn _2rdamedia |
||
| 338 |
_avolume _bnc _2rdacarrier |
||
| 650 | 4 |
_a القصة العربية-تاريخ ونقد-القرن العشرين _947591 |
|
| 999 |
_aA20785 _c24353 _d24353 |
||